Enhancing Africa's competitiveness through small and medium scale enterprises / (Record no. 58946)
[ view plain ]
| 000 -LEADER | |
|---|---|
| fixed length control field | 01093cam a22002774a 4500 |
| 001 - CONTROL NUMBER | |
| control field | 58946 |
| 003 - CONTROL NUMBER IDENTIFIER | |
| rucl marc code | BD-RjUL |
| 005 - DATE AND TIME OF LATEST TRANSACTION | |
| control field | 20211209080656.0 |
| 008 - FIXED-LENGTH DATA ELEMENTS--GENERAL INFORMATION | |
| fixed length control field | 161220s2009 tz a b 100 0 eng c |
| 020 ## - INTERNATIONAL STANDARD BOOK NUMBER | |
| International Standard Book Number | 9987686478 |
| 035 ## - SYSTEM CONTROL NUMBER | |
| System control number | (BD-RjUL)59070 |
| 040 ## - CATALOGING SOURCE | |
| Original cataloging agency | CSt |
| Transcribing agency | STF |
| Language of cataloging | eng |
| Modifying agency | BD-RjUL |
| 041 ## - LANGUAGE CODE | |
| Language code of text/sound track or separate title | eng |
| 082 ## - DEWEY DECIMAL CLASSIFICATION NUMBER | |
| Edition number | 23 |
| Classification number | 658.1592 |
| Author mark and year | ENh 2006 |
| 111 2# - MAIN ENTRY--MEETING NAME | |
| Meeting name or jurisdiction name as entry element | International Conference on African Entrepreneurship and Small Business Development |
| Number of part/section/meeting | (5th : |
| Date of meeting | 2001 : |
| Location of meeting | Dar es Salaam, Tanzania) |
| 9 (RLIN) | 175283 |
| 245 10 - TITLE STATEMENT | |
| Title | Enhancing Africa's competitiveness through small and medium scale enterprises / |
| Statement of responsibility, etc. | edited by Francis A.S.T. Matambalya and Mussa J. Assad. |
| 260 ## - PUBLICATION, DISTRIBUTION, ETC. (IMPRINT) | |
| Place of publication, distribution, etc. | Dar es Salaam : |
| Name of publisher, distributor, etc. | Mkuki na Nyota Publishers, |
| Date of publication, distribution, etc. | c2002. |
| 300 ## - PHYSICAL DESCRIPTION | |
| Pagination | vi, 247 p. : |
| Illustrations | ill. ; |
| Size | 21 cm. |
| 650 #0 - SUBJECT ADDED ENTRY--TOPICAL TERM | |
| Topical term or geographic name as entry element | Small business |
| 9 (RLIN) | 175284 |
| Topical term or geographic name as entry element | Entrepreneurship |
| Geographic subdivision | Africa |
| Form subdivision | Congresses. |
| 9 (RLIN) | 175285 |
| 700 1# - ADDED ENTRY--PERSONAL NAME | |
| Personal name | Matambalya, Francis A. S. T. |
| Personal name | Assad, Mussa J. |
| 710 2# - ADDED ENTRY--CORPORATE NAME | |
| Corporate name or jurisdiction name as entry element | Chuo Kikuu cha Dar es Salaam. |
| Subordinate unit | Faculty of Commerce and Management. |
| 9 (RLIN) | 175288 |
| 942 ## - ADDED ENTRY ELEMENTS (KOHA) | |
| Source of classification or shelving scheme | Dewey Decimal Classification |
| Koha item type | Books |
| Lost status | Source of classification or shelving scheme | Damaged status | Not for loan | Collection code | Permanent Location | Current Location | Shelving location | Date acquired | Source of acquisition | Cost, normal purchase price | Total Checkouts | Full call number | Date last seen | Copy number | Koha item type |
|---|---|---|---|---|---|---|---|---|---|---|---|---|---|---|---|
| Dewey Decimal Classification | Not For Loan | Non-fiction | Central Library, University of Rajshahi | Central Library, University of Rajshahi | Reading Room | 22/06/2013 | dhaka, paragon Enterprice ltd. | 415.00 | 658.1592 ENH 2006 | 20/12/2016 | C-1 | Books |